| 000 | 00618na a2200217 4500 | ||
|---|---|---|---|
| 001 | 19118 | ||
| 003 | MIRAKIL | ||
| 005 | 20181213155055.0 | ||
| 008 | 161208b tu 000 0 | ||
| 040 |
_aMilas _btur _cTR-AnCHP |
||
| 041 | _atur | ||
| 082 |
_a306.08 _bG71 2012 |
||
| 090 | _a306.08 G71 2012 | ||
| 111 |
_aGöçer Çalıştay _cAnkara _d2012 |
||
| 245 |
_aGöçer çalıştayı _cGüneydoğum Derneği |
||
| 260 |
_aAnkara _bGüneydoğum Derneği _c2012 |
||
| 300 |
_a96 s. _bfotğ. _c23 sm. |
||
| 650 |
_aGöçerler _xToplumsal yaşam _yToplantılar |
||
| 710 | _aGüneydoğum Derneği | ||
| 942 |
_2ddc _cBKS |
||
| 999 |
_c6067 _d6067 |
||